| 000 | 00824nam a22002177a 4500 | ||
|---|---|---|---|
| 999 |
_c16468 _d16468 |
||
| 003 | AR-CdUCM | ||
| 008 | 190503b ||||| |||| 00| 0 spa d | ||
| 040 |
_aMUNICIPALIDAD PROVINCIAL DEL CUSCO _cBIBLIOTECA MUNICIPAL DEL CUSCO |
||
| 082 |
_24ed. _a379.07 / _bL99 |
||
| 100 |
_aLuzuriaga, Lorenzo _96575 |
||
| 245 | _aHistoria de la educación pública / | ||
| 260 |
_aBuenos Aires : _bLosada, _c1964. |
||
| 300 |
_a155 páginas ; _c19.5 cm. |
||
| 440 |
_aBiblioteca del Maestro. _931034 |
||
| 505 | _aContenido: La educación pública religiosa -- La educación pública estatal -- La educación pública nacional -- La educación pública democrática. | ||
| 650 |
_aEducación pública _910865 |
||
| 650 |
_aHistoria _9136 |
||
| 650 |
_aEducación comparada _910864 |
||
| 942 |
_2ddc _cLIBROS |
||
| 945 |
_aachl _d2019-05-03 |
||